De Chapultepec al Beagle: política exterior Argentina, 1945-1980

Uloženo v:
Podrobná bibliografie
Hlavní autor: Lanús, Juan Archibaldo (Autor)
Médium: Kniha
Jazyk:španělština
Vydáno: Buenos Aires Hyspamérica 1986
Edice:Biblioteca Argentina de Historia y Política
Témata:
Tagy: Přidat tag
Žádné tagy, Buďte první, kdo vytvoří štítek k tomuto záznamu!

MARC

LEADER 00000nam a2200000 a 4500
001 UCP7262
003 CL-VaPUC
008 991209e19860000AG |||||||||||||||||spa|d
082 0 4 |a 327.82  |b LAN  |2 21 
100 |a Lanús, Juan Archibaldo  |e author  |9 588953 
245 1 0 |a De Chapultepec al Beagle: política exterior Argentina, 1945-1980 
300 |a v 
942 |c BK 
945 |d 19991209 00:00:00  |a crobeson 
260 |a Buenos Aires  |b Hyspamérica  |c 1986 
600 0 7 |a OEA  |2 CL-VaPUC  |9 382207 
650 0 |a Relaciones Internacionales  |9 255740 
650 0 |a Política exterior   |9 316628 
650 7 |a POST GUERRA  |2 CL-VaPUC  |9 409509 
650 0 |a Guerra Fría   |9 319648 
651 0 |a Argentina  |9 254888 
583 |a last modification  |c 19991209 00:00:00  |k Rodrigo Vera 
490 0 |a Biblioteca Argentina de Historia y Política 
999 |c 284570  |d 284568 
952 |0 0  |1 0  |4 0  |6 327_820000000000000_LAN_1986  |7 0  |8 A  |9 328676  |a BIBHIS  |b BIBHIS  |d 2019-11-20  |h v.1  |i 1372343  |o 327.82 LAN 1986  |p 1372343  |r 2025-01-20  |w 2019-11-20  |y BK  |k HIS